Un método de análisis teológico pastoral: una aproximación socio-religiosa a las acciones pastorales de la Iglesia Evangélica Española

Guardat en:
Dades bibliogràfiques
Autor principal: Ojeda Cárcamo, Sergio (autor)
Format: Llibre
Idioma:espanyol
Publicat: Madrid Arteprinter 1988
Matèries:
Etiquetes: Afegir etiqueta
Sense etiquetes, Sigues el primer a etiquetar aquest registre!

MARC

LEADER 00000nam a2200000 a 4500
001 UCW8212
003 CL-VaPUC
008 880715e19880000SP |||||||||||||||||spa|d
082 0 4 |a 274.6  |b OJE  |2 21 
100 |a Ojeda Cárcamo, Sergio  |e autor  |9 313341 
245 1 3 |a Un método de análisis teológico pastoral: una aproximación socio-religiosa a las acciones pastorales de la Iglesia Evangélica Española 
300 |a 513 p 
942 |c BK 
945 |d 19880715 00:00:00 
260 |a Madrid  |b Arteprinter  |c 1988 
650 0 |a Iglesias protestantes  |9 313342 
651 0 |a España  |9 254926 
583 |a last modification  |c 19880715 00:00:00  |k Rodrigo Vera 
999 |c 220667  |d 220665 
952 |0 0  |1 0  |4 0  |6 274_600000000000000_OJE_1988  |7 0  |8 A  |9 213187  |a BIBTEO  |b BIBTEO  |d 2019-11-15  |i 2815087  |o 274.6 OJE 1988  |p 2815087  |r 2025-01-17  |w 2019-11-15  |y BK  |k ICR